000 00993nam a2200337 a 4500
001 vtls000358698
003 NLI
005 20210602172413.0
008 110113s2005 xxkd e 001 0 eng
020 _a019927598X
_c£ 30.00
039 9 _y201101132103
_zVLOAD
040 _aNLI :
_beng
_cNLMARC21
041 0 _aeng
044 _axxk
082 0 4 _a381.17
_222
100 1 _aMenezes, Flavio M.
_9534192
245 1 3 _aAn introduction to auction theory/
_cFlavio M. Menezes, Paulo K. Monteiro
260 _aOxford :
_bThe University Press,
_c2005
300 _axiii, 178 p.;
_c24 cm.
504 _aIncludes bibliographical references and index
650 0 _aAuctions
_9345804
700 1 _aMonteiro, Paulo K.
_9534193
887 _asyamal Kanti Biswas jgs
901 _a555695
_b06.03.2007
902 _aE 381.17 M 524
904 _asyamal Kanti Biswas
905 _ajgs
942 _2ddc
_cBKS
949 _AVIRTUAITEM
_D10012
_X100
_6PUR000555695ENG
999 _aVIRTUA40
_c318445
_d318445